| 000 | 01316cam0 2200361 ib4500 | ||
|---|---|---|---|
| 001 | BY-MI0021-br790743 | ||
| 005 | 20260119132454.0 | ||
| 010 |
^a978-5-00124-470-7 ^bв переплете |
||
| 100 | ^a20260113d2018 b y0rusy50 ca | ||
| 101 | 0 | ^arus | |
| 102 | ^aRU | ||
| 105 | ^aa z 000zy | ||
| 109 | ^ama | ||
| 200 | 1 |
^a100 загадок ^e[для чтения взрослыми детям ^fсоставитель Е. Сачкова] |
|
| 210 |
^aЕкатеринбург ^cБуква-ленд ^d2018 |
||
| 215 |
^a47 с. ^cцв. ил. ^d17 см |
||
| 225 | 1 | ^aСерия "Книжки-малышки" | |
| 225 | 1 | ^aРастем вместе | |
| 333 | ^a0+ | ||
| 345 | ^92000 экз. | ||
| 532 | 1 | 1 | ^aСто загадок |
| 606 |
^aХУДОЖЕСТВЕННАЯ ЛИТЕРАТУРА ^3BY-NLB-ar37179 ^2DVNLB |
||
| 608 |
^3BY-NLB-ar9019 ^aДЕТСКАЯ И ЮНОШЕСКАЯ ЛИТЕРАТУРА (художеств. произведение) ^2BYGNR |
||
| 608 |
^aЗАГАДКА ^3BY-NLB-ar10571 ^2BYGNR |
||
| 686 |
^a84 ^2rubbk |
||
| 690 |
^a1 ^2Base ^9BY-MI0021 ^xRSEK |
||
| 702 | 1 |
^aСачкова ^bЕ. ^4220 |
|
| 801 | 0 |
^aBY ^bBY-MI0021 ^c20260113 ^gRCR |
|
| 035 | ^a(BY-MI0021)BY-MI0021-br790743 | ||
| 899 | 0 |
^aBY-MI0021 ^iС81 ^h84 |
|